000 00381nam a2200145Ia 4500
008 230711s9999||||xx |||||||||||||| ||und||
041 _aENG
082 _a624
_bSI-B
100 _aGurcharan,Singh
245 0 _aBuilding construction and Materials
250 _a1st Ed.
260 _c1994
_aNew Delhi
_bTata McGraw Hill Education Limited
650 _aCivil Engineering
942 _cBK
999 _c2587
_d2587